Taxation (Record no. 118512)
[ view plain ]
| 000 -LEADER | |
|---|---|
| fixed length control field | 00552cas a22002175a 4500 |
| 001 - CONTROL NUMBER | |
| control field | L00400149 |
| 008 - FIXED-LENGTH DATA ELEMENTS--GENERAL INFORMATION | |
| fixed length control field | 070614c1991 xxkwr p 0 a0eng |
| 022 ## - INTERNATIONAL STANDARD SERIAL NUMBER | |
| International Standard Serial Number | 0040-0149 |
| 035 ## - SYSTEM CONTROL NUMBER | |
| System control number | (Sirsi) u98763 |
| 041 ## - LANGUAGE CODE | |
| Language code of text/sound track or separate title | eng |
| 245 ## - TITLE STATEMENT | |
| Title | Taxation |
| 260 ## - PUBLICATION, DISTRIBUTION, ETC. | |
| Place of publication, distribution, etc. | Croydon |
| Name of publisher, distributor, etc. | LexisNexis Tolley |
| Date of publication, distribution, etc. | 1991- |
| 510 2# - CITATION/REFERENCES NOTE | |
| Name of source | Knowledge Alert |
| Location within source | 2006- |
| 520 ## - SUMMARY, ETC. | |
| Summary, etc. | Kept for one year |
| 554 ## - | |
| -- | Weekly |
| 651 #4 - SUBJECT ADDED ENTRY--GEOGRAPHIC NAME | |
| Geographic name | England and Wales |
| Chronological subdivision | 1543- |
| 690 ## - LOCAL SUBJECT ADDED ENTRY--TOPICAL TERM (OCLC, RLIN) | |
| Topical term or geographic name as entry element | PROPERTY-PROPERTY TAXATION |
| 856 ## - ELECTRONIC LOCATION AND ACCESS | |
| Uniform Resource Identifier | <a href="https://www.taxation.co.uk">https://www.taxation.co.uk</a> |
| 942 ## - ADDED ENTRY ELEMENTS (KOHA) | |
| Suppress in OPAC | 0 |
| 948 ## - LOCAL PROCESSING INFORMATION (OCLC); SERIES PART DESIGNATOR (RLIN) | |
| c (OCLC) | 01/03/1994 |
| Withdrawn status | Lost status | Source of classification or shelving scheme | Damaged status | Not for loan | Home library | Current library | Shelving location | Date acquired | Total Checkouts | Full call number | Barcode | Date last seen | Price effective from | Koha item type |
|---|---|---|---|---|---|---|---|---|---|---|---|---|---|---|
| Dewey Decimal Classification | London | London | Gallery | 22/03/2005 | TAXATION | 98763-1001 | 06/08/2019 | 06/08/2019 | Journal |